002540000a220007300045001000022000002450065000223000047000877730046001341 aEllis, Jeffrey S.10aStephanas : A New Testament example of frontier memeber care aVol. 12, Núm 4 (1995), Páginas 171-1750 tInternational Journal of Frontier Misions